Údržba a opravy vozů Trabant 600 a Trabant 601

Bibliographic Details
Main Author: Šlehofer, Vlastislav (Author)
Format: Book
Language:Czech
PhysicalDescription:302 s. fotogr., schém. 21 cm 1 príloha (3 voľné listy)
Published: Praha Bratislava SNTL - Nakladatelství technické literatury Nakladateľstvo ALFA, n.p. 1971
Edition:1. vyd.
Series:Knižnice motoristy
Subjects:

MARC

LEADER 00000cam a2200000 a 4500
001 vtls001348130
003 SK-MaSNL
005 20260301114745.0
008 230501s1971 xr ol f f 00000 cze
015 |a SNBA1971 
020 |q (brož.) 
035 |a SNK000301407 
035 |a 7FF1A0C1-E9BD-4BBA-BBBE-EEB07A82FCA9 
035 |a urn:nbn:sk:snk-am00ibbi 
035 |a 12F076A5-D7A7-48C9-B3C3-DBEF3793FBFE 
035 |a urn:nbn:sk:snk-am00ihyb 
040 |a SNK  |b slo  |c SNK  |e AACR2 
041 0 |a cze 
044 |a xr  |c CZ  |a xo  |c SK 
072 7 |a 629  |x Dopravné prostriedky  |2 konspekt 
080 |a 629.331  |2 2011 
080 |a 629.083  |2 2011 
080 |a (035)  |2 2011 
100 1 |a Šlehofer, Vlastislav  |4 aut  |9 458702 
245 1 0 |a Údržba a opravy vozů Trabant 600 a Trabant 601  |c Vlastislav Šlehofer 
250 |a 1. vyd. 
260 |a Praha  |b SNTL - Nakladatelství technické literatury  |a Bratislava  |b Nakladateľstvo ALFA, n.p.  |c 1971 
300 |a 302 s.  |b fotogr., schém.  |c 21 cm  |e 1 príloha (3 voľné listy) 
366 |e 25200 výtl., dotlač 1971, 10200 výtl. 
490 1 |a Knižnice motoristy 
504 |a Bibliografia na s. [303] 
650 0 7 |a osobné automobily  |2 SNKPH  |9 26643 
650 0 7 |a opravy a údržba dopravných prostriedkov  |2 SNKPH  |9 3683 
650 0 7 |a Trabant (automobily)  |2 SNKPH  |9 458703 
650 0 7 |a Passenger cars  |2 SNKPHeng  |9 284467 
650 0 7 |a Vehicle maintenance and repair  |2 SNKPHeng  |9 397080 
650 0 7 |a Trabant 601  |2 SNKPH  |9 458704 
650 0 7 |a Trabant 600  |2 SNKPH  |9 212809 
650 0 7 |a Trabant automobile  |2 SNKPHeng  |9 458705 
655 7 |a príručky  |2 SNKPH  |9 74364 
655 7 |a Handbooks, manuals, etc.  |2 SNKPHeng  |9 90964 
830 0 |a Knižnice motoristy  |9 286201 
852 |a Slovenská národná knižnica 
954 |a odborná, vedecká literatúra cudzojazyčná (svetová)  |2 lita 
958 |a OND 
958 |a EUIPO 
999 |c 719639  |d 721569 
952 |a SNK  |b SNK  |y PREZ  |7 0  |p 17A0938526  |o snkSC 27139/príl.  |i snkKIP 2860/71  |z Príloha: 3 voľné listy  |0 0  |1 0  |4 0  |d 2022-03-16  |f 1  |l 0  |r 2025-09-11 00:00:00  |w 2026-02-23 
952 |a SNK  |b SNK  |y PREZ  |7 0  |p 17A0938524  |o snkSC 27139  |i snkKIP 2860/71  |3 Obsahuje prílohu: 3 voľné listy  |z Obsahuje prílohu: 3 voľné listy  |0 0  |1 0  |4 0  |d 2012-09-07  |f 1  |l 0  |r 2025-09-11 00:00:00  |w 2026-02-23 
952 |a SNK  |b SNK  |y VYP  |7 0  |p 17A0162350  |o snkSC 27139 D1  |0 0  |1 0  |4 0  |d 1998-11-13  |l 0  |r 2005-01-02 00:00:00  |w 2026-02-23